|
|
|
|
| LEADER |
00000nam0a2200000 4500 |
| 001 |
269388 |
| 005 |
20231101234241.0 |
| 035 |
|
|
|a (RuTPU)RU\TPU\book\292563
|
| 090 |
|
|
|a 269388
|
| 100 |
|
|
|a 20140918d1934 m y0rusy50 ca
|
| 101 |
0 |
|
|a rus
|
| 102 |
|
|
|a RU
|
| 105 |
|
|
|a a z 001ab
|
| 200 |
1 |
|
|a Труды и дни Михаила Ломоносова
|e обозрение в 9 главах и 6 иллюминациях
|f Г. П. Шторм
|g [гравюры В. А. Фаворского]
|
| 210 |
|
|
|a Москва
|c Государственное издательство "Художественная литература"
|d 1934
|
| 215 |
|
|
|a 308 с.
|c ил.
|
| 320 |
|
|
|a Пояснения к архаическим и местным словам и оборотам и малоизвестным личным именам: с. 301-306
|
| 320 |
|
|
|a Перевод иностранных слов и выражений: с. 307-308.
|
| 600 |
|
1 |
|a Ломоносов
|g Михаил Васильевич
|b М. В.
|c ученый-естествоиспытатель, поэт, историк, художник, деятель просвещения, науки и экономики
|f 1711-1765
|2 stltpush
|3 (RuTPU)RU\TPU\pers\975
|
| 610 |
1 |
|
|a художественная литература
|
| 610 |
1 |
|
|a биографическая проза
|
| 675 |
|
|
|a Р2
|v 3
|
| 700 |
|
1 |
|a Шторм
|b Г. П.
|g Григорий Петрович
|
| 702 |
|
1 |
|a Фаворский
|b В. А.
|c российский график
|c живописец
|f 1886-1964
|g Владимир Андреевич
|2 stltpush
|3 (RuTPU)RU\TPU\pers\11987
|4 040
|9 3095
|
| 801 |
|
1 |
|a RU
|b 63413507
|c 20140918
|
| 801 |
|
2 |
|a RU
|b 63413507
|c 20140918
|g RCR
|
| 942 |
|
|
|c BK
|